The future of warfare / (Record no. 551541)
[ view plain ]
| 000 -LEADER | |
|---|---|
| fixed length control field | 00702cam a2200217 a 4500 |
| 082 00 - DEWEY DECIMAL CLASSIFICATION NUMBER | |
| Classification number | 355.033573 |
| Author Mark | ALE |
| 100 1# - MAIN ENTRY--PERSONAL NAME | |
| Personal name | Alexander, Bevin. |
| 9 (RLIN) | 48682 |
| 245 14 - TITLE STATEMENT | |
| Title | The future of warfare / |
| Statement of responsibility, etc. | Bevin Alexander. |
| 250 ## - EDITION STATEMENT | |
| Edition statement | 1st ed. |
| 260 ## - PUBLICATION, DISTRIBUTION, ETC. | |
| Place of publication, distribution, etc. | New York : |
| Name of publisher, distributor, etc. | W.W. Norton, |
| Date of publication, distribution, etc. | c1995. |
| 300 ## - PHYSICAL DESCRIPTION | |
| Extent | 235 p. ; |
| Dimensions | 22 cm. |
| 526 ## - STUDY PROGRAM INFORMATION NOTE | |
| Program name | 0 |
| Interest level | 0 |
| Reading level | 0 |
| Title point value | 355_033573000000000_ALE |
| 526 ## - STUDY PROGRAM INFORMATION NOTE | |
| Program name | 0 |
| Interest level | 0 |
| Reading level | 0 |
| Title point value | 355_033573000000000_ALE |
| 526 ## - STUDY PROGRAM INFORMATION NOTE | |
| Program name | 0 |
| Interest level | 0 |
| Reading level | 0 |
| Title point value | 355_033573000000000_ALE |
| 526 ## - STUDY PROGRAM INFORMATION NOTE | |
| Program name | 0 |
| Interest level | 0 |
| Reading level | 0 |
| Title point value | 355_033573000000000_ALE |
| 650 #0 - SUBJECT ADDED ENTRY--TOPICAL TERM | |
| Topical term or geographic name entry element | Balance of power. |
| 9 (RLIN) | 36712 |
| 650 #0 - SUBJECT ADDED ENTRY--TOPICAL TERM | |
| Topical term or geographic name entry element | Guerrilla warfare |
| General subdivision | Case studies. |
| 9 (RLIN) | 48683 |
| 650 #0 - SUBJECT ADDED ENTRY--TOPICAL TERM | |
| Topical term or geographic name entry element | Low-intensity conflicts (Military science) |
| 9 (RLIN) | 48684 |
| 650 #0 - SUBJECT ADDED ENTRY--TOPICAL TERM | |
| Topical term or geographic name entry element | MCE |
| 9 (RLIN) | 379 |
| 942 ## - ADDED ENTRY ELEMENTS (KOHA) | |
| Source of classification or shelving scheme | |
| Koha item type | Book |
| Withdrawn status | Lost status | Source of classification or shelving scheme | Damaged status | Not for loan | Permanent Location | Current Location | Date acquired | Total Checkouts | Full call number | Barcode | Date last seen | Date last checked out | Price effective from | Koha item type |
|---|---|---|---|---|---|---|---|---|---|---|---|---|---|---|
| Military College of Engineering (MCE) | Military College of Engineering (MCE) | 12/17/2014 | 1 | 355.033573 ALE | MCE-44872 | 01/30/2020 | 01/16/2020 | 12/17/2014 | Book | |||||
| Military College of Engineering (MCE) | Military College of Engineering (MCE) | 12/17/2014 | 355.033573 ALE | MCE-44873 | 12/17/2014 | 12/17/2014 | Book | |||||||
| Military College of Engineering (MCE) | Military College of Engineering (MCE) | 12/17/2014 | 355.033573 ALE | MCE-44870 | 12/17/2014 | 12/17/2014 | Book | |||||||
| Military College of Engineering (MCE) | Military College of Engineering (MCE) | 12/17/2014 | 355.033573 ALE | MCE-44871 | 12/17/2014 | 12/17/2014 | Book |
